000 00591nam a2200217 4500
003 LK-CoMWRAF
005 20231127133805.0
008 231124b2002 |||||||| |||| 00| 0 eng d
020 _a9780393978544
040 _aLK-CoMWRAF
_dLK-CoMWRAF
_eLK-CoMWRAF
041 _aeng
082 _a599.938
_bBOY
100 _aBoyd, Robert
245 _aHow humans evolved
250 _a3rd ed.
260 _aNew York :
_bW.W. Norton & Company
_c2002
300 _axxiii, 545 p.
_bGlossary and index iincluded
_eCR Rom included
650 _aHUMAN EVOLUTION
700 _aSilk, Joan B.
942 _cBK
999 _c4223
_d4223